| 000 | 00979nam a2200277 a 4500 | ||
|---|---|---|---|
| 005 | 20160331133742.0 | ||
| 008 | 140303b1999 ck ||||| |||| 00| 0 spa d | ||
| 020 | _a9589328210 | ||
| 040 |
_aCO-BoIAVH _cCO-BoIAVH |
||
| 041 | _aspa | ||
| 044 | _ack | ||
| 082 | 1 | 4 |
_a630.9861 _bA66a |
| 100 | 1 | _aArango Nieto, Luis | |
| 245 | 1 | 0 | _aAnálisis y modelo de optimización del Sistema Nacional de Ciencia y Tecnología Agroindustrial en Colombia. |
| 260 |
_aBogotá: _bMinagricultura, _bColciencias, _bIICA, _c1999. |
||
| 300 |
_a151 páginas. _btablas |
||
| 650 | 1 | 4 |
_aSistema Nacional de Ciencia y Tecnología _zColombia |
| 650 | 1 | 4 |
_aTransferencia de tecnología _zColombia |
| 650 | 1 | 4 |
_aInvestigación _zColombia |
| 650 | _aSistemas de información | ||
| 650 | _aDivulgación de información | ||
| 662 | _aColombia | ||
| 700 | 1 | _aRivera, Carlos Fernando | |
| 700 | 1 | _aRubio Junguito, Andrés | |
| 942 |
_cLIBRO _2ddc |
||
| 999 |
_c1803 _d1803 |
||